| 000 | 00411 a2200169 4500 | ||
|---|---|---|---|
| 999 |
_c232698 _d232698 |
||
| 003 | OSt | ||
| 005 | 20170222154607.0 | ||
| 008 | 160819b xxu||||| |||| 00| 0 eng d | ||
| 020 | _a0 | ||
| 040 | _c0 | ||
| 082 | _a333.79 GIB 1998 | ||
| 100 | _aGibbons John H. | ||
| 245 |
_aSolar Power Satellites _cJohn H. Gibbons |
||
| 300 |
_a288 p. _bPB |
||
| 440 | _aSolar Power Satellites | ||
| 942 |
_cBK _k333.79 GIB _2ddc |
||